000 01268nam a2200313 a 4500
001 ebr10690945
003 CaPaEBR
006 m u
007 cr cn|||||||||
008 121213s2013 enka sb 001 0 eng d
010 _z 2012955773
020 _z9783034307505 (alk. paper)
020 _z9783035304442 (e-book)
040 _aCaPaEBR
_cCaPaEBR
035 _a(OCoLC)842884754
050 1 4 _aN8248.S77
_bC66 2013eb
245 0 0 _aContemplations of the spiritual in art
_h[electronic resource] /
_cRina Arya (ed.).
260 _aOxford ;
_aNew York :
_bPeter Lang,
_c2013.
300 _aviii, 254 p. :
_bill.
490 1 _aCultural interactions : studies in the relationship between the arts,
_x1662-0364 ;
_v26
504 _aIncludes bibliographical references and index.
533 _aElectronic reproduction.
_bPalo Alto, Calif. :
_cebrary,
_d2013.
_nAvailable via World Wide Web.
_nAccess may be limited to ebrary affiliated libraries.
650 0 _aSpirituality in art.
655 7 _aElectronic books.
_2local
700 1 _aArya, Rina.
710 2 _aebrary, Inc.
830 0 _aCultural interactions ;
_vv. 26.
856 4 0 _uhttp://site.ebrary.com/lib/rucke/Doc?id=10690945
_zAn electronic book accessible through the World Wide Web; click to view
999 _c10606
_d10606